00405nam a2200157Ia 4500008004100000020001500041082001700056100001700073245003600090250000800126260003200134300001200166500002500178650001900203700002500222230524s9999 xx 000 0 und d a8177000217 a621.402bDOM aS.Domkundwar 2aA Course in Thermal Engineering a5TH aNEW DELHIbDhanpatraic2004 aXI;1261 aQuantity Number: 25 aThermodynamics a C.P. Kothan daraman